000 01126nam a22002537a 4500
005 20170124102948.0
010 _aB-040455
020 _c100.00
_a818716007
035 _aB-040455
037 _bCen Lib/Ret
040 _aDPL
_bHN
082 _a821
_bप्रभुना
100 _aप्रभु नारायण विधार्थी
_950695
245 _aईश्वर अनागारिक है /
_cप्रभु नारायण विधार्थी
246 _aIshwaranagarik hai /
_bby Prabhu Narayan Vidyarthi
260 _aनई दिल्ली
_bपुस्तक भवन
_c2001
270 _aआर० जेड० 35 बी गली न० -1 ए, कैलाशपूरी एक्सटेंशन
_bनई दिल्ली
_e110045
300 _a104पृ.
_c21सेमी (सजिल्द)
650 _aहिंदी साहित्य
_950696
650 _aहिंदी--काव्य
_950697
650 _aHindi literature
_950698
650 _aHindi--Poetry
_950699
942 _2ddc
_cHN
_h821
_mप्रभुना
999 _c113115
_d113115